Coase y los recursos pesqueros marinos (Registro nro. 22777)

Detalles MARC
000 -LEADER
fixed length control field 00359 a2200121 4500
001 - CONTROL NUMBER
control field ART_6522
005 - DATE AND TIME OF LATEST TRANSACTION
control field 20260410161826.0
008 - FIXED-LENGTH DATA ELEMENTS--GENERAL INFORMATION
fixed length control field 260409a
100 1# - MAIN ENTRY--PERSONAL NAME
Personal name Errazti, Elizabeth
245 10 - TITLE STATEMENT
Title Coase y los recursos pesqueros marinos
700 1# - ADDED ENTRY--PERSONAL NAME
Personal name Gualdoni, Patricia Alejandra
773 0# - HOST ITEM ENTRY
Title FACES
Related parts - Año 9, Nº 18 (sep./dic. 2003)
Record control number REV5046

No hay ítems disponibles.